| 000 | 00604nam a2200217 a 4500 | ||
|---|---|---|---|
| 001 | 45420 | ||
| 003 | BD-RjUL | ||
| 005 | 20211209054017.0 | ||
| 008 | 160726s1966 pak||||| b||| 001 0 eng d | ||
| 035 | _a(BD-RjUL)45538 | ||
| 040 |
_aBD-RjUL _beng _cBD-RjUL |
||
| 041 | _aeng | ||
| 082 |
_223 _a332.1095491 _bMEM 1966 |
||
| 100 |
_aMeenai, S. A. _9133815 |
||
| 245 |
_aMoney and banking in Pakistan / _cS. A. Meenai |
||
| 260 |
_aKarachi : _bthe allies book, _c1966 |
||
| 300 |
_av, 264 p. ; _c21 cm. |
||
| 504 | _aIncludes bibliography and index | ||
| 650 |
_aMoney _zPakistan _9139063 |
||
| 942 |
_2ddc _cBK |
||
| 999 |
_c45420 _d45420 |
||